| 000 | 01102nam a22002297a 4500 | ||
|---|---|---|---|
| 005 | 20120806123137.0 | ||
| 010 | _aB-454831-832 | ||
| 020 |
_c150.00 _a812372120X |
||
| 035 | _aB-454831-832 | ||
| 037 |
_adpl _bAllied Pub/Ven |
||
| 082 | _a686.20954 | ||
| 100 |
_aKesavan, B.S. _950993 |
||
| 245 |
_aHistory of printing and publishing in India: _bA story of culture Re-awakening/ _cby B.S.Kesavan |
||
| 260 |
_aNew Delhi _bNational Book Trust _c1997 |
||
| 270 |
_aA-5 Green Park _bNew Delhi |
||
| 300 |
_a388 p. _c23cm |
||
| 500 | _aindex | ||
| 942 |
_2ddc _cEN _mKES _h686.20954 |
||
| 999 |
_c68894 _d68894 |
||